| 000 | 01703nam a2200337 4500 | ||
|---|---|---|---|
| 003 | CO-CtgCURN | ||
| 005 | 20250329170349.0 | ||
| 007 | ta | ||
| 008 | 160627s2013 000 0 eng d | ||
| 020 | _a9789588863948 | ||
| 040 |
_aCO-CtgCURN _bspa _ccoctgcurn |
||
| 082 | 0 |
_a303.442 _bC277c |
|
| 110 | 2 | _aPrograma de las Naciones Unidas para el Desarrollo. PNUD. | |
| 245 | 1 | 0 |
_aParticipación de las mujeres en el mercado laboral de la ciudad de Cartagena de Indias / _cPrograma de las Naciones Unidas para el Desarrollo ; Red de Observatorios Regionales del Mercado de Trabajo Red ORMET. |
| 260 | 1 |
_aBogotá : : _bPrograma de las Naciones Unidas para el Desarrollo.PNUD,, _c2013. |
|
| 300 |
_a99 p. : _bil., fot. |
||
| 336 | _2rdacontent | ||
| 337 |
_2rdamedia _asin mediacion _bn |
||
| 338 |
_2rdacarrier _avolumen _bnc |
||
| 504 | _aIncluye bibliografía (p. 97-99) | ||
| 505 | 8 | _aMarco conceptual y normativo de género -- La mujer en el mercado laboral de Cartagena 2008-2013 -- Percepción de las mujeres frente a las barreras y oportunidades en el mercado laboral de la ciudad de Cartagena -- Planes programas y proyectos en pro de la mujer Cartagenera | |
| 650 | 1 | 4 |
_aDesarrollo social _zCaribe (Región - Colombia) |
| 650 | 1 | 4 |
_aDesarrollo económico _zCaribe (Región - Colombia) |
| 651 | 0 |
_aCaribe (Región - Colombia) _xAspectos culturales. |
|
| 651 | 0 |
_aCaribe (Región - Colombia) _xCivilización. |
|
| 710 | 2 | _aRed de Observatorios Regionales del Mercado de Trabajo Red ORMET. | |
| 730 | 0 | _aBolívar - Bibliografía regional. | |
| 908 | _a160627 | ||
| 942 |
_cCTG _h303.44 _iC277c _2ddc |
||
| 999 |
_c6651 _d6651 |
||